000 00461 a2200157 4500
999 _c239
_d239
020 _a9780321516114
050 _aQP31.2 MOY 2008
100 _aMoyes, Christopher D
_eauthor
245 _aPrinciples of animal physiology /
_cChristopher D.Moyes
264 _aNew York:
_bPearson,
_c2008
300 _axxvii, 754p.:
_bill.(col).
500 _aIncludes index
650 _aPhysiology
700 _aSchulte, Patricia M
_eauthor
942 _2lcc
_cBK
_e2 ed.
_h31.2
_iMOY
_kQP